| 000 | 00437nam a2200097Ia 4500 | ||
|---|---|---|---|
| 008 | 180130s9999 xx 000 0 und d | ||
| 245 |
_cLucio, Miguel Martinez _aNational labour and employment relations systems and the impact of globalization |
||
| 260 | _c2014 | ||
| 300 | _aBook title: International human resource management : an employment relations perspective--Acession number C18843; pages 57-76 | ||
| 650 | _aHUMAN RESOURCE MANAGEMENT | ||
| 999 |
_c353681 _d353681 |
||